000 00833nam a2200217 i 4500
001 91696
003 ES-MaACL
005 20250809063509.0
007 t|
008 050207s1996 sp ||||1| spa d
080 _a284(467.41 Aguilas)"19"
100 1 _aVilar, Juan Bautista,
_d1941-2018
_9114797
245 1 4 _aUna experiencia protestante en la España de Franco, a través de un epistolario inédito
_b: la Iglesia Evangélica Bautista de Aguilas (Murcia), 1950-1957 /
_cJuan Bautista Vilar, Pedro Mª Egea Bruno.
260 _a[S.l. :
_bs.n.],
_c1996.
300 _ap. 391-424 ;
_c24 cm.
500 _aSeparata de: Carthaginensia XII, 1996.
650 1 4 _aProtestantismo-
_zAguilas-
_yS.XX.
_916518
700 1 _aEgea Bruno, Pedro María.
_946708
852 _aES-MaACL
_j2186-F-2
_bR.135341
999 _c91696
_d91696